000 00535nam a2200181Ia 4500
008 090124s9999 xx 000 0 und d
082 _b21117
_a2280
100 _aरहाळकर कृ. के.
245 _a संध्या-प्रकाश
250 _a1
260 _c1976
300 _a67
600 _aरहाळकर कृ. के.
630 _a संध्या-प्रकाश
700 _aरहाळकर कृ. के.
730 _a संध्या-प्रकाश
942 _cBOOK
999 _c134905
_d134905